Electromagnetic waves and transmission lines/ (Record no. 142075)
[ view plain ]
| 000 -LEADER | |
|---|---|
| fixed length control field | 00659nam a22002057a 4500 |
| 005 - DATE AND TIME OF LATEST TRANSACTION | |
| control field | 20230925155751.0 |
| 010 ## - LCCN (DPL NO) | |
| LC control number | ENG-118977 ENG-135862 |
| 020 ## - INTERNATIONAL STANDARD BOOK NUMBER | |
| International Standard Book Number | 9788173719486 |
| Terms of availability | 475.00 |
| 035 ## - SYSTEM CONTROL NUMBER | |
| System control number | EN-102509 |
| 035 ## - SYSTEM CONTROL NUMBER | |
| System control number | EN-119394 |
| 037 ## - SOURCE OF ACQUISITION | |
| Source of stock number/acquisition | DBAD/PUB |
| 082 ## - DEWEY DECIMAL CLASSIFICATION NUMBER | |
| Classification number | 621.34 |
| 100 ## - MAIN ENTRY--PERSONAL NAME | |
| Personal name | Reddy, Y. Mallikarjuna |
| 245 ## - TITLE STATEMENT | |
| Title | Electromagnetic waves and transmission lines/ |
| Statement of responsibility, etc | By Y. Mallikarjuna Reddy |
| 260 ## - PUBLICATION, DISTRIBUTION, ETC. (IMPRINT) | |
| Place of publication, distribution, etc | Telangana |
| Name of publisher, distributor, etc | University Press |
| Date of publication, distribution, etc | 2015 |
| 270 ## - ADDRESS | |
| Address | 3-6-747/A & 3-6-754/1, Himayatnagar Hyderabad-500029, Telangana, India |
| 300 ## - PHYSICAL DESCRIPTION | |
| Extent | xii,634p |
| Dimensions | 24cm.(pbk) |
| 500 ## - GENERAL NOTE | |
| General note | Includes index |
| 942 ## - ADDED ENTRY ELEMENTS (KOHA) | |
| Source of classification or shelving scheme | Dewey Decimal Classification |
| Item type | English Books |
| Classification part | 621.34 |
| Call number suffix | RED |
| Withdrawn status | Lost status | Not for loan | Collection code | Home library | Current library | Date acquired | Source of acquisition | Cost, normal purchase price | Full call number | Barcode | Copy number | Cost, replacement price | Koha item type |
|---|---|---|---|---|---|---|---|---|---|---|---|---|---|
| Not For Loan | Non-fiction | D.B.Act.Division | D.B.Act.Division | 28/06/2017 | DBAD/PUB | 475.00 | 621.34 RED | EN-102509 | 1 | 475.00 | English Books | ||
| Non-fiction | D.B.Act.Division | Mobile Library | 14/12/2022 | DBAD/PUB | 475.00 | 621.34 RED | EN-119394 | 2 | 475.00 | English Books |
